| 000 | 00427 a2200145 4500 | ||
|---|---|---|---|
| 999 |
_c12400 _d12400 |
||
| 003 | OSt | ||
| 005 | 20240116110531.0 | ||
| 008 | 240116b ||||| |||| 00| 0 eng d | ||
| 020 | _a9789386392961 | ||
| 082 |
_a720.954 _bDES |
||
| 100 | _aMADHURI DESAI | ||
| 245 | _aBANARAS RECONSTRUCTED: ARCHITECTURE AND SACRED SPACE IN A HINDU HOLY CITY | ||
| 260 |
_bThe Orient Blackswan; First Edition (1 January 2017) _c2017 |
||
| 942 | _2ddc | ||